000 00293nam a22001337a 4500
008 181204b xxu||||| |||| 00| 0 eng d
020 _a9780871013484
041 _aeng
080 _a316
100 _a50
101 _aSOC
245 _aScool Social Worldwide
_cMarion.H
942 _2udc
_cBK
999 _c52766
_d52766